|
|
|
|
| LEADER |
00000caa a22000002c 4500 |
| 001 |
1912693135 |
| 003 |
DE-627 |
| 005 |
20250227125850.0 |
| 007 |
cr uuu---uuuuu |
| 008 |
241217s2023 xx |||||o 00| ||eng c |
| 024 |
7 |
|
|a 10.1111/ssqu.13271
|2 doi
|
| 035 |
|
|
|a (DE-627)1912693135
|
| 035 |
|
|
|a (DE-599)KXP1912693135
|
| 040 |
|
|
|a DE-627
|b ger
|c DE-627
|e rda
|
| 041 |
|
|
|a eng
|
| 084 |
|
|
|a 2,1
|a 0
|2 ssgn
|
| 100 |
1 |
|
|a Ratcliff, Shawn
|e VerfasserIn
|4 aut
|
| 245 |
1 |
4 |
|a The role of religious contexts on hate crimes, 2003-2017
|
| 264 |
|
1 |
|c 2023
|
| 336 |
|
|
|a Text
|b txt
|2 rdacontent
|
| 337 |
|
|
|a Computermedien
|b c
|2 rdamedia
|
| 338 |
|
|
|a Online-Ressource
|b cr
|2 rdacarrier
|
| 500 |
|
|
|a 0038-4941
|
| 700 |
1 |
|
|a Schwaidel, Philip
|e VerfasserIn
|4 aut
|
| 773 |
0 |
8 |
|i Enthalten in
|t Social Science Quarterly
|g 104 (2023), 4, Seite 535-546
|
| 773 |
1 |
8 |
|g volume:104
|g year:2023
|g number:4
|g pages:535-546
|
| 787 |
0 |
8 |
|i Forschungsdaten
|a United States Department of Justice. Federal Bureau of Investigation
|t Uniform Crime Reporting Program Data: Hate Crime Data (Record-Type Files), United States, 2017
|d [Erscheinungsort nicht ermittelbar] : [Verlag nicht ermittelbar], 2022
|w (DE-627)1840036087
|
| 787 |
0 |
8 |
|i Forschungsdaten
|a United States. Federal Bureau of Investigation
|t Uniform Crime Reporting Program Data: Hate Crime Data (Record-Type Files), United States, 2016
|d [Erscheinungsort nicht ermittelbar] : [Verlag nicht ermittelbar], 2018
|w (DE-627)1840041706
|
| 787 |
0 |
8 |
|i Forschungsdaten
|a United States Department of Justice. Federal Bureau of Investigation
|t Uniform Crime Reporting Program Data: Hate Crime Data, 2015 (Record-Type Files)
|d [Erscheinungsort nicht ermittelbar] : [Verlag nicht ermittelbar], 2017
|w (DE-627)1840042729
|
| 787 |
0 |
8 |
|i Forschungsdaten
|a United States Department of Justice. Federal Bureau of Investigation
|t Uniform Crime Reporting Program Data: Hate Crime Data, 2014 (Record-Type Files)
|d [Erscheinungsort nicht ermittelbar] : [Verlag nicht ermittelbar], 2016
|w (DE-627)184004473X
|
| 787 |
0 |
8 |
|i Forschungsdaten
|a United States Department of Justice. Federal Bureau of Investigation
|t Uniform Crime Reporting Program Data: Hate Crime Data, 2013 (Record-Type Files)
|d [Erscheinungsort nicht ermittelbar] : [Verlag nicht ermittelbar], 2015
|w (DE-627)1840045302
|
| 787 |
0 |
8 |
|i Forschungsdaten
|a United States Department of Justice. Federal Bureau of Investigation
|t Uniform Crime Reporting Program Data: Hate Crime Data, 2012 (Record-Type Files)
|d [Erscheinungsort nicht ermittelbar] : [Verlag nicht ermittelbar], 2014
|w (DE-627)1840047208
|
| 787 |
0 |
8 |
|i Forschungsdaten
|a United States Department of Justice. Federal Bureau of Investigation
|t Uniform Crime Reporting Program Data: Hate Crime Data, 2011 (Record-Type Files)
|d [Erscheinungsort nicht ermittelbar] : [Verlag nicht ermittelbar], 2013
|w (DE-627)1840048107
|
| 787 |
0 |
8 |
|i Forschungsdaten
|a United States Department of Justice. Federal Bureau of Investigation
|t Uniform Crime Reporting Program Data: Hate Crime Data, 2010 (Record-Type Files)
|d [Erscheinungsort nicht ermittelbar] : [Verlag nicht ermittelbar], 2012
|w (DE-627)1840049545
|
| 787 |
0 |
8 |
|i Forschungsdaten
|a United States Department of Justice. Federal Bureau of Investigation
|t Uniform Crime Reporting Program Data: Hate Crime Data, 2009 (Record-Type Files)
|d [Erscheinungsort nicht ermittelbar] : [Verlag nicht ermittelbar], 2011
|w (DE-627)1840050020
|
| 787 |
0 |
8 |
|i Forschungsdaten
|a United States Department of Justice. Federal Bureau of Investigation
|t Uniform Crime Reporting Program Data (United States): Hate Crime Data, 2008 (Record-Type Files)
|d [Erscheinungsort nicht ermittelbar] : [Verlag nicht ermittelbar], 2010
|w (DE-627)1840053534
|
| 787 |
0 |
8 |
|i Forschungsdaten
|a United States Department of Justice. Federal Bureau of Investigation
|t Uniform Crime Reporting Program Data (United States): Hate Crime Data, 2007 (Record-Type Files)
|d [Erscheinungsort nicht ermittelbar] : [Verlag nicht ermittelbar], 2009
|w (DE-627)1840054867
|
| 787 |
0 |
8 |
|i Forschungsdaten
|a United States Department of Justice. Federal Bureau of Investigation
|t Uniform Crime Reporting Program Data (United States): Hate Crime Data, 2006 (Record-Type Files)
|d [Erscheinungsort nicht ermittelbar] : [Verlag nicht ermittelbar], 2008
|w (DE-627)1840055782
|
| 787 |
0 |
8 |
|i Forschungsdaten
|a United States Department of Justice. Federal Bureau of Investigation
|t Uniform Crime Reporting Program Data (United States): Hate Crime Data, 2005 (Record-Type Files)
|d [Erscheinungsort nicht ermittelbar] : [Verlag nicht ermittelbar], 2008
|w (DE-627)1840055774
|
| 787 |
0 |
8 |
|i Forschungsdaten
|a United States Department of Justice. Federal Bureau of Investigation
|t Uniform Crime Reporting Program Data (United States): Hate Crime Data, 2004 (Record-Type Files)
|d [Erscheinungsort nicht ermittelbar] : [Verlag nicht ermittelbar], 2008
|w (DE-627)1840055766
|
| 787 |
0 |
8 |
|i Forschungsdaten
|a United States Department of Justice. Federal Bureau of Investigation
|t Uniform Crime Reporting Program Data (United States): Hate Crime Data, 2003 (Record-Type Files)
|d [Erscheinungsort nicht ermittelbar] : [Verlag nicht ermittelbar], 2008
|w (DE-627)184005557X
|
| 856 |
|
|
|u https://onlinelibrary.wiley.com/doi/pdfdirect/10.1111/ssqu.13271
|x unpaywall
|z Vermutlich kostenfreier Zugang
|h publisher [deprecated]
|
| 856 |
4 |
0 |
|u https://doi.org/10.1111/ssqu.13271
|x Resolving-System
|z kostenfrei
|3 Volltext
|7 0
|
| 935 |
|
|
|a mkri
|
| 951 |
|
|
|a AR
|
| ELC |
|
|
|a 1
|
| LOK |
|
|
|0 000 xxxxxcx a22 zn 4500
|
| LOK |
|
|
|0 001 4637658691
|
| LOK |
|
|
|0 003 DE-627
|
| LOK |
|
|
|0 004 1912693135
|
| LOK |
|
|
|0 005 20241217044943
|
| LOK |
|
|
|0 008 241217||||||||||||||||ger|||||||
|
| LOK |
|
|
|0 035
|a (DE-2619)ICPSR169936
|
| LOK |
|
|
|0 040
|a DE-2619
|c DE-627
|d DE-2619
|
| LOK |
|
|
|0 092
|o n
|
| LOK |
|
|
|0 852
|a DE-2619
|
| LOK |
|
|
|0 852 1
|9 00
|
| LOK |
|
|
|0 935
|a uvkn
|a nacp
|
| LOK |
|
|
|0 939
|a 17-12-24
|b l01
|
| OAS |
|
|
|a 1
|
| ORI |
|
|
|a SA-MARC-krimdoka001.raw
|